Analýza a vizualizácia energetických dát

Enregistré dans:
Détails bibliographiques
Auteur principal: Sagan, Samuel (Auteur)
Autres auteurs: Rozinajová, Viera (Directeur de thèse)
Format: Manuscrit Livre
Langue:slovaque
Publié: 2020
Sujets:
Accès en ligne:http://is.stuba.sk/zp/portal_zp.pl?podrobnosti=134959
Tags: Ajouter un tag
Pas de tags, Soyez le premier à ajouter un tag!

MARC

LEADER 00000ntm a22000003a 4500
001 stuzp80619
003 SK-STU
005 20200620212012.4
007 ta
008 150427s2015----xo-----f-mn---000-0-slo-d
040 |a STU  |b slo 
041 0 |a slo 
100 1 |a Sagan, Samuel  |u 070200  |4 aut  |U FIIT Fakulta informatiky a informačných technológií  |T FIIT Ústav informatiky, informačných systémov a softvérového inžinierstva  |X 86006  |U I200  |Y 179  |7 86006 
242 0 1 |a Analysis and visualization of energy data  |y eng 
245 1 0 |a Analýza a vizualizácia energetických dát 
260 |c 2020 
650 4 |a Inteligentý monitor energie  |2 slo 
650 4 |a Smart Grid  |2 slo 
650 4 |a Aplikácia  |2 slo 
650 4 |a Smart Grid  |2 eng 
650 4 |a Smart energy monitor  |2 eng 
650 4 |a Application  |2 eng 
700 1 |a Rozinajová, Viera  |u 070200  |k Z1  |4 ths  |U FIIT Fakulta informatiky a informačných technológií  |T FIIT Ústav informatiky, informačných systémov a softvérového inžinierstva  |X 110  |U I200  |Y 179  |7 110 
856 4 |u http://is.stuba.sk/zp/portal_zp.pl?podrobnosti=134959